Introduction to Statistics for Biology/by Robin H. Mccleery, Trudy A. Watt, Tom Hart (Record no. 52419)

MARC details
000 -LEADER
fixed length control field 00570nam a22001937a 4500
003 - CONTROL NUMBER IDENTIFIER
control field OSt
008 - FIXED-LENGTH DATA ELEMENTS--GENERAL INFORMATION
fixed length control field 260629b |||||||| |||| 00| 0 eng d
020 ## - INTERNATIONAL STANDARD BOOK NUMBER
International Standard Book Number 9780367242367
082 ## - DEWEY DECIMAL CLASSIFICATION NUMBER
Classification number 519.502457
Item number M12I
100 ## - MAIN ENTRY--PERSONAL NAME
Personal name Mccleery , Robin H.
245 ## - TITLE STATEMENT
Title Introduction to Statistics for Biology/by Robin H. Mccleery, Trudy A. Watt, Tom Hart
250 ## - EDITION STATEMENT
Edition statement 3rd ed.
260 ## - PUBLICATION, DISTRIBUTION, ETC. (IMPRINT)
Place of publication, distribution, etc Boca Raton :
Name of publisher, distributor, etc Chapman & Hall
Date of publication, distribution, etc 2025.
300 ## - PHYSICAL DESCRIPTION
Extent 273 p
650 ## - SUBJECT ADDED ENTRY--TOPICAL TERM
Topical term or geographic name as entry element Pure Sciences | Mathematics | Biostatistics
700 ## - ADDED ENTRY--PERSONAL NAME
Personal name Watt, Trudy A.
700 ## - ADDED ENTRY--PERSONAL NAME
Personal name Hart, Tom
942 ## - ADDED ENTRY ELEMENTS (KOHA)
Source of classification or shelving scheme
Koha item type Books
Holdings
Withdrawn status Lost status Source of classification or shelving scheme Damaged status Not for loan Home library Current library Shelving location Date acquired Source of acquisition Cost, normal purchase price Full call number Barcode Date last seen Bill Date Koha item type Bill Number
          Dr. Rajendra Prasad Central Agricultural University Pusa, Dr. Rajendra Prasad Central Agricultural University Pusa, General Stacks 29/06/2026 Today & Tomorrow Printers and Publishers 3495.00 519.502457 M12I 87599 29/06/2026 29/01/2026 Books Bill No. IN-00449
Hosted, Implemented, Customized & Maintained by: BestBookBuddies

Powered by Koha